Catalog

Record Details

Catalog Search



Available copies

  • 1 of 2 copies available at LARL/NWRL Consortium.
  • 1 of 2 copies available at Lake Agassiz Regional Library. (Show preferred library)

Current holds

1 current hold with 2 total copies.

Show Only Available Copies
Location Call Number / Copy Notes Barcode Shelving Location Status Due Date
Ada Public Library LARGE PRINT FRA (Text) 33500014415954 New On holds shelf -
Bagley Public Library LARGE PRINT FRA (Text) 33500014415962 New Available -

Record details

  • ISBN: 9781420534696
  • ISBN: 1420534696
  • Physical Description: 447 pages (large print) ; 23 cm.
  • Publisher: [Waterville, Maine] : Thorndike Press, a part of Gale, a Cengage Company, 2026.

Content descriptions

Summary, etc.:
"At seventy-seven, Pepper Mills didn't choose ... Read More
Subject: Older women > Fiction.
Retirement communities > Fiction.
Motherhood > Fiction.
Pregnancy > Fiction.
Teenage pregnancy > Fiction.
Abortion > Fiction.
Right to bodily autonomy > Fiction.
Life change events > Fiction.
Jews > Texas > Fiction.
Large type books.
Austin (Tex.) > Fiction.
Texas > Fiction.
Genre: Large type books.
Large print books.
Domestic fiction.
Psychological fiction.
Novels.
LDR 03119cam a2200685 i 4500
001490074
003LARL_NWRL_CONSORTIUM
00520260611203001.0
008260121t20262026meu ed 000 1 eng d
007tb
040 . ‡aIG# ‡beng ‡erda ‡cIG# ‡dSRB ‡dHBP ‡dJCX ‡dOCLCO ‡dBDX ‡dIMT ‡dOCLCQ ‡dFTX ‡dOCLCO ‡dFYL
020 . ‡a9781420534696 ‡q(large print ; ‡qhardcover alk. paper)
020 . ‡a1420534696 ‡q(large print ; ‡qhardcover alk. paper)
035 . ‡a(OCoLC)1569752479
043 . ‡an-us-tx
08204. ‡a813/.6 ‡223
1001 . ‡aFrankel, Laurie, ‡eauthor. ‡1https://id.oclc.org/worldcat/entity/E39PCjDvjrwtmWJPHxTjpgwdpK ‡0(LARL_NWRL_CONSORTIUM)189412
24510. ‡aEnormous wings / ‡cLaurie Frankel.
264 1. ‡a[Waterville, Maine] : ‡bThorndike Press, a part of Gale, a Cengage Company, ‡c2026.
264 4. ‡c©2026
300 . ‡a447 pages (large print) ; ‡c23 cm.
336 . ‡atext ‡btxt ‡2rdacontent
337 . ‡aunmediated ‡bn ‡2rdamedia
338 . ‡avolume ‡bnc ‡2rdacarrier
340 . ‡nlarge print (16 pt.) ‡2rdafs
3410 . ‡atextual ‡blargePrint ‡2sapdv
520 . ‡a"At seventy-seven, Pepper Mills didn't choose Vista View Retirement Community of Austin, Texas--that would be her three grown children--but when she grudgingly moves in, she not only makes new friends, she falls in love. Then the exhaustion, vomiting, and confusion start. She fears it's cancer, dementia, a stroke. But a raft of tests later, the news is even more shocking: She's pregnant. As word gets out, the press and the paparazzi, activists and medical researchers, belly-rubber and rubber-neckers all descend on Vista View while Pepper struggles to determine her next move. Soon she has some hard decisions to make--and some she's not allowed to make"-- ‡cBack cover.
650 0. ‡aOlder women ‡vFiction. ‡0(LARL_NWRL_CONSORTIUM)166489
650 0. ‡aRetirement communities ‡vFiction. ‡0(LARL_NWRL_CONSORTIUM)174675
650 0. ‡aMotherhood ‡vFiction. ‡0(LARL_NWRL_CONSORTIUM)166093
650 0. ‡aPregnancy ‡vFiction. ‡0(LARL_NWRL_CONSORTIUM)174350
650 0. ‡aTeenage pregnancy ‡vFiction. ‡0(LARL_NWRL_CONSORTIUM)167658
650 0. ‡aAbortion ‡vFiction. ‡0(LARL_NWRL_CONSORTIUM)163318
650 0. ‡aRight to bodily autonomy ‡vFiction.
650 0. ‡aLife change events ‡vFiction. ‡0(LARL_NWRL_CONSORTIUM)165934
650 0. ‡aJews ‡zTexas ‡vFiction.
650 0. ‡aLarge type books. ‡0(LARL_NWRL_CONSORTIUM)24284
651 0. ‡aAustin (Tex.) ‡vFiction.
651 0. ‡aTexas ‡vFiction. ‡0(LARL_NWRL_CONSORTIUM)167647
655 0. ‡aLarge type books.
655 7. ‡aLarge print books. ‡2lcgft
655 7. ‡aDomestic fiction. ‡2lcgft
655 7. ‡aPsychological fiction. ‡2lcgft
655 7. ‡aNovels. ‡2lcgft
936 . ‡aBATCHLOAD
901 . ‡a490074 ‡bAUTOGEN ‡c490074 ‡tbiblio

Additional Resources